000 00343nam a2200145Ia 4500
008 191201s2005 xx 000 0 und d
082 _a658.4038
_bGEM
100 _aGERALD V. Post
245 0 _aManagement Information Systems
250 _a3rd
260 _aN.Delhi
_bTMH
_c2005
300 _a618
650 _aB.Tech(ME)
942 _2ddc
_cBK
_01
999 _c1179
_d1179